Statistics for States That Beat South Carolina

Click here to take the quiz!

General Stats

  • This quiz has been taken 159 times
  • The average score is 12 of 14

Answer Stats

RankCategoryAnswer% Correct
10(t)Lowest Average Life ExpectancyWest Virginia | Mississippi | Alabama | Kentucky | Arkansas | Tennessee | Oklahoma | Louisiana | Ohio | Indiana(t)
96%
9(t)Most ExecutionsTexas | Virginia | Oklahoma | Florida | Missouri | Georgia | Alabama | Ohio | North Carolina(t)
94%
10Highest % ReligiousAlabama | Louisiana | Mississippi | Tennessee | Oklahoma | Texas | Arkansas | Kentucky | West Virginia
93%
8Warmest Average TemperatureFlorida | Hawaii | Louisiana | Texas | Georgia | Mississippi | Alabama
93%
8(t)Most Venomous Snake SpeciesArizona | Texas | Alabama | California | New Mexico | Georgia | Oklahoma | Mississippi(t)
92%
9Poorest by Median IncomeWest Virginia | Mississippi | Arkansas | New Mexico | Louisiana | Alabama | Kentucky | Oklahoma
92%
4(t)Least State BordersAlaska | Hawaii | Maine | Florida(t) | Rhode Island(t) | Washington(t)
91%
6Highest % African-AmericanMississippi | Louisiana | Georgia | Maryland | Alabama
91%
7Oldest State CapitalNew Mexico | Massachusetts | Maryland | Delaware | Virginia | New Jersey
90%
6Highest % ForestedMaine | New Hampshire | West Virginia | Vermont | Alabama
87%
4Easternmost National Park*Maine (Acadia) | Virginia (Shenandoah) | Florida (Biscayne)
85%
9Most Per Capita Manufacturing JobsIndiana | Michigan | Wisconsin | Iowa | Ohio | Arkansas | Alabama | Kentucky
83%
3(t)First to be Readmitted to the Union After the Civil WarTennessee | Arkansas | Alabama (t) | Florida (t) | Louisiana (t) | North Carolina (t)
82%
3Most Traffic Fatalities Per CapitaMississippi | Wyoming
66%

Score Distribution

Percentile by Number Answered

Percent of People with Each Score

Your Score History

You have not taken this quiz